00238 a2200121 4500001000700000020000600007040001100013100001600024240003200040245002700072300000800099362000900107182801 a  cMagnum aMalba Tahan10aLendas do povo de Deuslpor10aLendas do povo de Deus a2240 a1964